Introducción a la computación /

Guardado en:
Autor Principal: Michelow, Jaime
Formato: Libro
Publicado: Washington : Organización de los Estados Americanos, 1980
Etiquetas: Agregar Etiqueta
Sin Etiquetas, Sea el primero en etiquetar este registro!
LEADER 00560nam a22001575a 4500
001 CEM.cems004394
005 20060216000000.0
008 130507s1980##################000#0#####d
003 CEMS
082 0 4 |a 001.64 
100 1 |a Michelow, Jaime 
245 1 0 |a Introducción a la computación / 
260 |a Washington :  |b Organización de los Estados Americanos,  |c 1980 
300 |a 88 p. 
505 0 |a Experiencia didactica sobre ordenadores en la ensenanza secundaria; Apendice: Manual de informatica para ninos. 
859 |a CEMS  |b BIB. CEMS - 11 de abril  |h 001.64  |i M582  |p 13119.84  |t Ej.1